| 000 | 00802nab a2200205 4500 | ||
|---|---|---|---|
| 001 | 32490 | ||
| 003 | AR-RoBPED | ||
| 005 | 20260331171825.0 | ||
| 008 | 260331d1886198?ag |||p| ||||s00| 0 spa d | ||
| 040 | _aAR-RoBPED | ||
| 041 | _aspa | ||
| 100 | 1 |
_aMercante, Víctor, _d1870-1934 _930517 |
|
| 245 | 1 | 3 |
_aEl bosquejo / _cV. Mercante. |
| 300 | _apág. 516-520 | ||
| 362 | _aAño XI, No. 131 (Abril de 1899) | ||
| 500 | _aArtículo publicado en partes sucesivas en: Boletín de Educación. Santa Fe : Consejo General de Educación, 1886-198?: - Año XI, No. 131 (Abril de 1899), páginas 516-520. | ||
| 773 | 0 |
_022998 _930383 _aSanta Fe. _dSanta Fe : Consejo General de Educación, [1886-198-?]. _tBoletín de Educación : _w(AR-RoBPED)22998 |
|
| 942 |
_2udc _aK. 32490 _cREV |
||
| 945 | _ann 31/03/2026 | ||
| 999 |
_c32490 _d32490 |
||